[Event "FSFM May"]
[Site "Budapest HUN"]
[Date "2000.05.08"]
[Round "3"]
[White "Kievelitz,B"]
[Black "Radvanyi,T"]
[Result "0-1"]
[WhiteElo "2168"]
[BlackElo "2133"]

1.Nf3 Nf6 2.c4 e6 3.Nc3 d5 4.d4 c6 5.e3 Nbd7 6.Bd3 Bd6 7.e4 dxe4 8.Nxe4 Nxe4
9.Bxe4 Nf6 10.Bc2 Bb4+ 11.Bd2 Qa5 12.O-O Bxd2 13.Nxd2 O-O 14.Nb3 Qc7 15.f4 Rd8
16.Qf3 a5 17.a4 b6 18.Rac1 Bb7 19.Qh3 c5 20.f5 cxd4 21.fxe6 fxe6 22.Qxe6+ Kh8
23.Qh3 Re8 24.Nxd4 Qc5 25.Rxf6 Qxd4+ 26.Rf2 Be4 27.Bxe4 Rxe4 28.Qf3 Rae8
29.Kh1 h6 30.h3 Re3 31.Qf4 Qd7 32.Rf3 R3e4 33.Qf7 Qxa4 34.b3 Qb4 35.Rcf1 Re1
36.Kh2 Qd6+ 37.Qf4 Qxf4+ 38.Rxf4 Rxf1 39.Rxf1 Re3 40.Rf3 Rxf3 41.gxf3 Kg8
42.Kg3 Kf7 43.Kf4 Ke6 44.Ke4 g5 45.f4 gxf4 46.Kxf4 Kd6 47.Ke4 Kc5 48.Kd3 Kb4
49.Kc2 a4 50.bxa4 Kxc4 51.h4 h5 52.Kd2 Kb4 53.Kd3 Kxa4 54.Kc4 Ka5 55.Kb3 Kb5
56.Ka3 Kc4 57.Ka4 b5+ 58.Ka3 Kc3 59.Ka2 b4  0-1

[Event "New York Open"]
[Site "New York USA"]
[Date "2000.05.08"]
[Round "6"]
[White "Epishin,V"]
[Black "Kaidanov,G"]
[Result "1/2-1/2"]
[WhiteElo "2667"]
[BlackElo "2599"]

1.d4 d5 2.c4 e6 3.Nc3 c6 4.e3 Nf6 5.Nf3 Nbd7 6.Qc2 Bd6 7.Bd3 O-O 8.O-O dxc4
9.Bxc4 b5 10.Be2 Bb7 11.Rd1 Qc7 12.a3 e5 13.g3 Rfe8 14.e4 a6 15.Bg5 exd4
16.Nxd4 Be5  1/2-1/2

[Event "Capablanca Mem Premier I"]
[Site "Varadero CUB"]
[Date "2000.05.08"]
[Round "2"]
[White "Garcia Martinez,S"]
[Black "Abreu,A"]
[Result "0-1"]
[WhiteElo "2455"]
[BlackElo "2419"]

1.d4 d5 2.c4 c6 3.e3 Nf6 4.Nc3 e6 5.Nf3 Nbd7 6.Qc2 Bd6 7.Be2 O-O 8.O-O dxc4
9.Bxc4 a6 10.Bd2 b5 11.Be2 Bb7 12.Rad1 c5 13.dxc5 Nxc5 14.b4 Nce4 15.Nxe4 Nxe4
16.Be1 Rc8 17.Qb2 Qc7 18.a4 bxa4 19.Qa1 Qd7 20.Ne5 Qe7 21.f3 Qc7 22.f4 Bxe5
23.fxe5 Nc3 24.Bxc3 Qxc3 25.Qxc3 Rxc3 26.Rd7 Bc6 27.Rc7 Rc2 28.Ra1 Rxe2 29.Rxc6 Rxe3
30.Rxa4 Rxe5 31.Raxa6 g6 32.Ra7 Rb8 33.Rcc7 Rf5 34.Rc4 h5 35.h3 Rd8 36.g4 hxg4
37.hxg4 Rf3 38.b5 Rb3 39.Rf4 Rd1+ 40.Kg2 Rd2+ 41.Kg1 Rb1+ 42.Rf1 Rxf1+ 43.Kxf1 Rb2
44.Rb7 Rb4 45.g5 Rg4 46.Rc7 Rxg5 47.b6 Rb5 48.b7 Kg7 49.Ke2 Rb3 50.Kd2 g5
51.Kc2 Rb6  0-1

[Event "ch-NED"]
[Site "Rotterdam NED"]
[Date "2000.05.09"]
[Round "3"]
[White "Van Wely,L"]
[Black "Van der Sterren,P"]
[Result "1/2-1/2"]
[WhiteElo "2646"]
[BlackElo "2526"]

1.d4 d5 2.c4 c6 3.Nc3 Nf6 4.Nf3 e6 5.e3 Nbd7 6.Qc2 Bd6 7.Bd3 O-O 8.O-O dxc4
9.Bxc4 a6 10.a4 c5 11.dxc5 Bxc5 12.Rd1 Qc7 13.b3 b6 14.Ne4 Nxe4 15.Qxe4 Bb7
16.Qh4 Ne5 17.Bb2 Nxc4 18.Bxg7 Kxg7 19.Qg5+ Kh8 20.Qf6+ Kg8  1/2-1/2

[Event "Japfa Open"]
[Site "Bali INA"]
[Date "2000.05.10"]
[Round "8"]
[White "Podgaets,M"]
[Black "Irwanto"]
[Result "0-1"]
[WhiteElo "2483"]
[BlackElo "2315"]

1.d4 d5 2.c4 e6 3.Nc3 c6 4.e3 Nf6 5.Nf3 Nbd7 6.Qc2 Bd6 7.Bd3 O-O 8.O-O e5
9.cxd5 cxd5 10.e4 dxe4 11.Nxe4 Nxe4 12.Bxe4 h6 13.Be3 exd4 14.Bxd4 Nf6 15.Bf5 Qa5
16.Bxc8 Raxc8 17.Qb3 b6 18.Bxf6 gxf6 19.Rad1 Rfd8 20.Rd4 Qf5 21.Rfd1 Be7
22.g3 Rxd4 23.Rxd4 Rc1+ 24.Kg2 Bc5 25.Rd2 Ra1 26.Qc4 a5 27.Nh4 Qe6 28.Rd8+ Kg7
29.Qf4 f5 30.Nxf5+ Kh7 31.Nxh6 Qc6+ 32.f3 Rg1+ 33.Kh3 Qxh6+  0-1

[Event "Capablanca Mem Mixto"]
[Site "Varadero CUB"]
[Date "2000.05.10"]
[Round "4"]
[White "Araque,R"]
[Black "Delgado Crespo,M"]
[Result "1/2-1/2"]
[WhiteElo "2309"]
[BlackElo "2268"]

1.d4 d5 2.c4 e6 3.Nc3 Nf6 4.Nf3 c6 5.e3 Nbd7 6.Bd3 dxc4 7.Bxc4 b5 8.Bb3 a6
9.O-O Bb7 10.Qe2 c5 11.Rd1 Qb6 12.a4 b4 13.a5 Qc7 14.Nb1 Bd6 15.Nbd2 O-O
16.h3 Rfd8 17.Nc4 Bd5 18.Bc2 Ne4 19.Nxd6 Qxd6 20.Nd2 Nxd2 21.Bxd2 cxd4 22.Qd3 Nf6
23.Qxd4 b3 24.Bd3 Qc6 25.Rac1 Qb7 26.Bc3 Bxg2 27.Qh4 Bf3 28.Bxh7+ Kf8 29.Rxd8+ Rxd8
30.Bxf6 gxf6 31.Qxf6 Ke8 32.Qf4 Rd7 33.Kh2 Ke7 34.Bd3 Bc6 35.h4 Rxd3 36.Qg5+ Kd7
37.Qg8 Ke7 38.Qg5+ Kd7 39.Qg8 Ke7 40.Qg5+  1/2-1/2

[Event "ch-RUS Women"]
[Site "Elista RUS"]
[Date "2000.05.11"]
[Round "1"]
[White "Zayac,E"]
[Black "Chasovnikova,E"]
[Result "1/2-1/2"]
[WhiteElo "2340"]
[BlackElo "2185"]

1.d4 d5 2.c4 c6 3.Nc3 Nf6 4.Nf3 e6 5.e3 Be7 6.Qc2 O-O 7.e4 dxe4 8.Nxe4 c5
9.Nxc5 e5 10.Nb3 exd4 11.Nbxd4 Bb4+ 12.Bd2 Re8+ 13.Be2 Bxd2+ 14.Qxd2 Ne4
15.Qb4 Nc6 16.Nxc6 bxc6 17.O-O Bg4 18.h3 Rb8 19.Qa3 Bh5 20.Bd1 Qf6 21.Ba4 Bxf3
22.Qxf3 Qxf3 23.gxf3 Nd2 24.Rfd1 Nxf3+ 25.Kg2 Ne5 26.b3 Re6 27.f4 Ng6 28.Rf1 Nh4+
29.Kf2 Rbe8 30.Rae1 Rxe1 31.Rxe1 Rxe1 32.Kxe1 c5 33.Kf2 f6 34.Bd7 Kf7 35.Kg3 Ng6
36.h4 Nf8 37.Bc8 Ne6 38.f5 Nd4 39.Kf4 Ke7 40.Bb7 Nc2 41.Be4 Nd4 42.Ke3 a5
43.Bd3 Kd6 44.Kf4 Nc6 45.h5 Ne5 46.Be2 h6 47.Bf1 Nf7 48.Bg2 Kc7 49.Ke4 Kc6
50.Kf4+ Kb6 51.Bd5 Nd6 52.a4 Kc7  1/2-1/2

[Event "ch-TKM"]
[Site "Ashgabat TKM"]
[Date "2000.05.12"]
[Round "1"]
[White "Ovezov,A"]
[Black "Ovezova,Me"]
[Result "1-0"]
[WhiteElo "2305"]
[BlackElo "2339"]

1.d4 d5 2.Nf3 Nf6 3.c4 c6 4.Nc3 e6 5.e3 Ne4 6.Bd3 f5 7.O-O Bd6 8.Qc2 O-O
9.a3 Nd7 10.b4 g5 11.Ne1 Qf6 12.Ne2 Qh6 13.f4 Ndf6 14.Nf3 gxf4 15.exf4 Bd7
16.Ne5 Be8 17.Rf3 Kh8 18.Rh3 Qg7 19.Be3 Rc8 20.cxd5 exd5 21.Ng3 Ng4 22.Re1 Bxe5
23.dxe5 Bg6 24.Bxa7 Ra8 25.Bd4 Rxa3 26.Bxe4 fxe4 27.f5 Rxg3 28.Rxg3 Bxf5
29.h3  1-0

[Event "Israeli League"]
[Site "Ramat Aviv ISR"]
[Date "2000.05.12"]
[Round "11"]
[White "Gofshtein,L"]
[Black "Beider,A"]
[Result "1/2-1/2"]
[WhiteElo "2580"]
[BlackElo "2318"]

1.d4 e6 2.c4 d5 3.Nc3 c6 4.e3 Nf6 5.Nf3 Bd6 6.Bd3 dxc4 7.Bxc4 b5 8.Bd3 Nbd7
9.O-O O-O 10.e4 e5 11.Bg5 a6 12.Bc2 h6 13.Bh4 Bb7 14.Bg3 Qc7 15.dxe5 Nxe5
16.Nxe5 Bxe5 17.Bxe5 Qxe5 18.f4 Qc5+ 19.Kh1 Rad8 20.Qe2 Qh5 21.Qxh5 Nxh5
22.Rad1 c5 23.e5 g6 24.Kg1 Rxd1 25.Bxd1 Ng7 26.Bf3 Bxf3 27.Rxf3 Rd8 28.Ne4 c4
29.Ra3 Ne6 30.g3 Rd1+ 31.Kg2 Nc7 32.Rf3 Nd5 33.a3 Rd4 34.Nc5 a5 35.Rf2 b4
36.axb4 axb4 37.Re2 c3 38.Kf2 Rc4 39.Nb3 c2 40.Re1 Nb6 41.Ra1 Rc8 42.Rc1 Na4
43.Na1 Nxb2 44.Rxc2 Nd1+ 45.Ke2 Rd8 46.Nb3 Nc3+ 47.Ke3 Rd1 48.Rd2 Rb1 49.Rd8+ Kg7
50.Nd2 Rd1 51.Rb8 Nd5+ 52.Kd3 Rh1 53.Ne4 Rxh2 54.Nd6 Rg2 55.Ke4 Rd2 56.Rb7 b3
57.Rxb3 f5+ 58.Kf3 Kf8 59.Rb8+ Kg7 60.Rb7+ Kf8 61.Rb8+ Kg7 62.Rd8 Rd3+ 63.Kf2 Rd2+
64.Ke1 Rd3 65.Rd7+ Kf8 66.Kf2 Rd2+ 67.Kf3 Rd3+ 68.Kg2 Rd2+ 69.Kh3 Rd3 70.Kg2 Rd2+
71.Kf1 Rd3 72.e6 Rxg3 73.Nc8 Re3 74.Rxd5 Rxe6 75.Kf2  1/2-1/2

[Event "Capablanca Mem Mixto"]
[Site "Varadero CUB"]
[Date "2000.05.14"]
[Round "7"]
[White "Valdes,Lu"]
[Black "Fandino,R"]
[Result "1-0"]
[WhiteElo "2397"]
[BlackElo "2157"]

1.d4 d5 2.c4 e6 3.Nf3 Nf6 4.Nc3 c6 5.e3 Bd6 6.Bd3 Nbd7 7.e4 dxe4 8.Nxe4 Nxe4
9.Bxe4 Bb4+ 10.Bd2 Bxd2+ 11.Qxd2 Nf6 12.Bd3 O-O 13.O-O-O Qc7 14.Qg5 b5 15.c5 Nd5
16.Be4 f6 17.Qh4 g5 18.Qg3 Qg7 19.Rhe1 Bd7 20.Kb1 h6 21.Qd6 Rae8 22.g4 Qe7
23.Qg3 Nf4 24.h4 Kg7 25.Rh1 Rh8 26.Rh2 Rc8 27.Rdh1 Be8 28.hxg5 fxg5 29.Ne5 Rc7
30.Qf3 Qf6 31.Ka1 Qd8 32.Qe3 a5 33.Rd1 a4 34.a3 Qc8 35.Qc3 Nd5 36.Qg3 Nf4
37.Nd3 Rf7 38.Ne5 Rc7 39.Qf3 Qb8 40.Qc3 Nd5 41.Qd2 Nf4 42.Rdh1 Qd8 43.Qa5 Qc8
44.Nf3 Ng6 45.Nxg5 Re7 46.Nf3 Qb8 47.Bxg6 Bxg6 48.Ne5 Be4 49.f3 Bd5 50.Qd2 b4
51.Rxh6  1-0

[Event "ch-IND"]
[Site "Mumbai IND"]
[Date "2000.05.15"]
[Round "1"]
[White "Prakash,G"]
[Black "Sundararajan,K"]
[Result "1/2-1/2"]
[WhiteElo "2435"]
[BlackElo "2433"]

1.d4 d5 2.c4 c6 3.Nc3 Nf6 4.e3 e6 5.Nf3 Nbd7 6.Qc2 Bd6 7.Bd3 O-O 8.O-O dxc4
9.Bxc4 b5 10.Be2 Bb7 11.Rd1 Qb8 12.e4 e5 13.g3 Re8 14.Bg5 b4 15.dxe5 Bxe5
16.Na4 Bd6 17.Nd2 c5 18.Bf3 Ne5 19.Bg2 Nfd7 20.Bf4 Qc7 21.b3 Nb6 22.Nb2 Rac8
23.Rac1 Qe7 24.Nf1 c4 25.Ne3 cxb3 26.Qxb3 g6 27.Bxe5 Bxe5 28.Nd3 Bc3 29.a3 Bxe4
30.Nxb4  1/2-1/2

[Event "ch-IND"]
[Site "Mumbai IND"]
[Date "2000.05.16"]
[Round "2"]
[White "Sriram,J"]
[Black "Prakash,G"]
[Result "1-0"]
[WhiteElo "2356"]
[BlackElo "2435"]

1.d4 d5 2.c4 c6 3.Nc3 Nf6 4.Nf3 e6 5.e3 Nbd7 6.Bd3 dxc4 7.Bxc4 b5 8.Bd3 b4
9.Ne4 Be7 10.Nxf6+ Nxf6 11.e4 Bb7 12.Qe2 c5 13.dxc5 O-O 14.O-O Nd7 15.c6 Bxc6
16.Be3 Qa5 17.Nd4 Ne5 18.f4  1-0

[Event "Capablanca Mem Premier I"]
[Site "Varadero CUB"]
[Date "2000.05.16"]
[Round "8"]
[White "Almeida,O"]
[Black "Abreu,A"]
[Result "0-1"]
[WhiteElo "2348"]
[BlackElo "2419"]

1.d4 d5 2.c4 c6 3.Nf3 Nf6 4.Nc3 e6 5.e3 Nbd7 6.Bd3 dxc4 7.Bxc4 b5 8.Bd3 Bb7
9.O-O a6 10.e4 c5 11.d5 Qc7 12.dxe6 fxe6 13.Ng5 Qc6 14.Bf4 Be7 15.Bc2 O-O
16.Qd3 h6 17.Nf3 Rad8 18.Qe2 b4 19.Ba4 Qb6 20.Nd1 Nxe4 21.Bg3 Nxg3 22.hxg3 Qd6
23.Bb3 Rxf3 24.Bxe6+ Rf7 25.Re1 Kf8 26.Bxf7 Kxf7 27.Ne3 Bf6 28.Rad1 Qc6 29.Qh5+ Kf8
30.Qf5 Re8 31.f3 Nb6 32.Ng4 Rxe1+ 33.Rxe1 Bc8 34.Qf4 Bxg4 35.Qxg4 Qd7 36.Qh5 Nd5
37.b3 Bc3 38.Re2 Bd4+ 39.Kh2 Nc3 40.Re1 Nd5 41.Qg6 Nf6 42.Re2 a5 43.g4 a4
44.g5 hxg5 45.Qxg5 axb3 46.axb3 Qd5 47.Qxd5 Nxd5 48.Kg3 Nc3 49.Rd2 Kf7 50.Kf4 Ke6
51.Rd3 Be5+ 52.Kg5 c4 53.bxc4 b3 54.Rd2 Na4 55.Kg6 b2 56.Rd1 Nc3 57.Re1 b1=Q+
58.Rxb1 Nxb1 59.f4 Bxf4 60.Kxg7 Nd2 61.c5 Nb3 62.c6 Nd4 63.c7 Bxc7 64.g4 Bf4
65.Kg6 Nf3 66.Kh5 Kf6 67.g5+ Nxg5 68.Kg4 Be5 69.Kh5 Kf5 70.Kh4 Bd6 71.Kh5 Bg3
72.Kh6 Ne6 73.Kh5 Ng7+ 74.Kh6 Kf6 75.Kh7 Bf4 76.Kh8 Kf7 77.Kh7 Ne6 78.Kh8 Bh6
79.Kh7 Bf8  0-1

[Event "Leonid Stein Mem B"]
[Site "Lviv UKR"]
[Date "2000.05.18"]
[Round "6"]
[White "Atalik,S"]
[Black "Chernin,A"]
[Result "1/2-1/2"]
[WhiteElo "2575"]
[BlackElo "2583"]

1.d4 d5 2.c4 c6 3.Nc3 Nf6 4.e3 e6 5.Nf3 Nbd7 6.Bd3 dxc4 7.Bxc4 b5 8.Bd3 a6
9.e4 c5 10.e5 cxd4 11.Nxb5 Ng4 12.Qa4 Bb7 13.Nbxd4 Qb6 14.O-O Bc5 15.h3 Bxf3
16.hxg4 Bd5 17.Nb3  1/2-1/2

[Event "ch-IND"]
[Site "Mumbai IND"]
[Date "2000.05.20"]
[Round "5"]
[White "Prakash,G"]
[Black "Neelotpal,D"]
[Result "1/2-1/2"]
[WhiteElo "2435"]
[BlackElo "2436"]

1.d4 d5 2.c4 e6 3.Nc3 c6 4.e3 Nf6 5.Nf3 Nbd7 6.Qc2 Bd6 7.Bd3 O-O 8.O-O dxc4
9.Bxc4 Qe7 10.a3 e5 11.h3 Bb8 12.Ba2 h6 13.Nh4 Rd8 14.Nf5 Qe8 15.Bd2 Nf8
16.Rad1 Be6 17.Bb1 Ng6 18.Ne4 Nxe4 19.Qxe4 exd4 20.Nxd4 Bc4 21.Rfe1 Qxe4
22.Bxe4 Be5 23.Bc3 Bf6 24.Rc1 Bd5 25.Bb1 c5 26.Nb5 Bxc3 27.Rxc3 b6 28.Nc7  1/2-1/2

[Event "Open"]
[Site "Pula CRO"]
[Date "2000.05.20"]
[Round "5"]
[White "Feletar,D"]
[Black "Sveshnikov,E"]
[Result "1/2-1/2"]
[WhiteElo "2410"]
[BlackElo "2541"]

1.c4 e6 2.Nf3 d5 3.d4 Nf6 4.Nc3 c6 5.e3 Nbd7 6.Qc2 Bd6 7.Bd3 O-O 8.O-O dxc4
9.Bxc4 b5 10.Be2 Bb7 11.Rd1 Qb8 12.h3 a6 13.e4 e5 14.Be3 Re8 15.dxe5 Nxe5
16.Nd4 Ng6 17.Nf5 Bh2+ 18.Kh1 Be5 19.Bc5 Bc8 20.Nd6 Re6 21.Nf5 Re8 22.Nd6 Re6
23.Nf5  1/2-1/2

[Event "Open"]
[Site "Pula CRO"]
[Date "2000.05.20"]
[Round "5"]
[White "Kovacevic,B"]
[Black "Medic,Mir"]
[Result "1-0"]
[WhiteElo "2438"]
[BlackElo "2277"]

1.c4 e6 2.Nc3 d5 3.d4 c6 4.e3 Nf6 5.Nf3 Bd6 6.Bd3 Nbd7 7.O-O O-O 8.e4 dxe4
9.Nxe4 Nxe4 10.Bxe4 h6 11.Re1 e5 12.Bc2 exd4 13.Nxd4 Nf6 14.Qd3 Qc7 15.Nf3 Rd8
16.Qc3 Bf4 17.Bxf4 Qxf4 18.Re7 Be6 19.Rxb7 Qxc4 20.Qxc4 Bxc4 21.Ne5 Bd5 22.Ba4 Rdb8
23.Rxb8+ Rxb8 24.b3 c5 25.Rc1 Rc8 26.f3 Kf8 27.Nd3 c4 28.Nb2 Nh5 29.bxc4 Nf4
30.Re1 Bc6 31.Bb3 Rd8 32.Rd1 Rxd1+ 33.Bxd1 Ke7 34.Kf2 Kd6 35.g3 Ne6 36.Nd3 Nc5
37.Nb2 Ne6 38.Bb3 Nd4 39.Nd3 Nxf3 40.c5+ Kc7 41.Bxf7 Nxh2 42.Ne5 Be4 43.Bh5 g6
44.Be2 h5 45.a3 Bf5 46.Ke3 g5 47.Kf2 h4 48.Kg2 Ng4 49.Bxg4 Bxg4 50.Nxg4 Kc6
51.Nf2 Kxc5 52.g4 Kc4 53.Nh3 Kb3 54.Nxg5  1-0

[Event "Capablanca Mem Elite"]
[Site "Varadero CUB"]
[Date "2000.05.20"]
[Round "11"]
[White "Vera,R"]
[Black "Dominguez,L"]
[Result "1-0"]
[WhiteElo "2546"]
[BlackElo "2508"]

1.d4 d5 2.c4 c6 3.Nc3 Nf6 4.e3 e6 5.Nf3 Nbd7 6.Bd3 dxc4 7.Bxc4 b5 8.Bd3 Bb7
9.O-O b4 10.Ne4 Be7 11.a3 bxa3 12.Nxf6+ Nxf6 13.bxa3 c5 14.Rb1 Qc7 15.Qa4+ Bc6
16.Bb5 Bxb5 17.Qxb5+ Nd7 18.Ne5 Bd6 19.Nxd7 Qxd7 20.dxc5 Qxb5 21.Rxb5 a6
22.Ra5 Bc7 23.Ra4 Ke7 24.e4 Rhd8 25.Be3 Rd3 26.g3 Kd7 27.c6+ Kxc6 28.Rc1+ Kd7
29.Rb4 Rc8 30.Rbc4 Rb3 31.Rd1+ Ke7 32.Bf4 Rb7 33.Bd6+ Ke8 34.Rdc1 Kd7 35.e5 f6
36.a4 fxe5 37.Bxe5 g6 38.Kg2 Ra7 39.h4 Rb7 40.R1c2 a5 41.Rd2+ Ke7 42.Rdc2 Kd7
43.Kf1 Rb1+ 44.Ke2 Rb7 45.Kd3 h6 46.g4 Bxe5 47.Rxc8 Bf6 48.h5 gxh5 49.gxh5 Rb3+
50.Ke4 Rh3 51.R2c7+ Kd6 52.Rc6+ Kd7 53.R8c7+ Kd8 54.Rc8+ Kd7 55.R8c7+ Kd8
56.Rf7 Rh4+ 57.f4  1-0

[Event "ch-IND"]
[Site "Mumbai IND"]
[Date "2000.05.21"]
[Round "6"]
[White "Ravi,L"]
[Black "Sareen,V"]
[Result "0-1"]
[WhiteElo "2391"]
[BlackElo "2351"]

1.d4 d5 2.c4 c6 3.Nc3 Nf6 4.e3 e6 5.Nf3 Nbd7 6.Bd3 dxc4 7.Bxc4 b5 8.Bd3 a6
9.a4 b4 10.Ne4 Bb7 11.O-O c5 12.Ned2 Be7 13.a5 O-O 14.Qe2 Qc7 15.Rd1 Rfc8
16.Nc4 Be4 17.Bxe4 Nxe4 18.Nfe5 Nef6 19.Nxd7 Nxd7 20.d5 exd5 21.Rxd5 Nf6
22.Rd1 Rd8 23.Bd2 Bd6 24.h3 Qc6 25.Be1 Bc7 26.Rdc1 Qb5 27.Qc2 Rd5 28.f3 Re8
29.Bf2 Nd7 30.e4 Rg5 31.Kh1 Nb8 32.Ne3 Bf4 33.Rd1 Bxe3 34.Bxe3 Rh5 35.Qd3 c4
36.Qd6 Nc6 37.Bb6 Rh6 38.Qd7 Rhe6 39.Rd5 Ne5 40.Qxe6 fxe6 41.Rxb5 axb5 42.a6 Ra8
43.a7 Nd3 44.Ra5 c3 45.bxc3 bxc3 46.Rxb5 c2 47.Be3 Rxa7 48.Rb8+ Kf7 49.Rc8 Ra1+  0-1

[Event "Open"]
[Site "Pula CRO"]
[Date "2000.05.22"]
[Round "7"]
[White "Brumen,D"]
[Black "Sveshnikov,E"]
[Result "0-1"]
[WhiteElo "2403"]
[BlackElo "2541"]

1.d4 d5 2.c4 e6 3.Nf3 Nf6 4.Nc3 c6 5.e3 Nbd7 6.Bd3 dxc4 7.Bxc4 b5 8.Bd3 b4
9.Ne4 Nxe4 10.Bxe4 Bb7 11.Qa4 Qb6 12.Bd2 Bd6 13.a3 a5 14.O-O Ke7 15.Ne5 Bxe5
16.dxe5 Nc5 17.Qc2 Rhd8 18.Rfd1 b3 19.Qb1 Ba6 20.Bxh7 Be2 21.e4 Kf8 22.Qc1 Nd3
23.Qc3 Qxf2+ 24.Kh1 Bxd1 25.Rxd1 Nf4  0-1

[Event "It"]
[Site "Sisak CRO"]
[Date "2000.05.22"]
[Round "8"]
[White "Jankovic,A"]
[Black "Videki,S"]
[Result "0-1"]
[WhiteElo "2320"]
[BlackElo "2439"]

1.d4 d5 2.c4 c6 3.e3 Nf6 4.Nc3 e6 5.Nf3 Nbd7 6.Qc2 Bd6 7.Bd3 O-O 8.O-O dxc4
9.Bxc4 b5 10.Bd3 Bb7 11.Rd1 a6 12.e4 e5 13.Bg5 h6 14.Bh4 Rc8 15.dxe5 Nxe5
16.Be2 Nxf3+ 17.Bxf3 Qe7 18.Ne2 Be5 19.Bg4 Rcd8 20.Bf5 Qb4 21.Nc3 g6 22.Bh3 g5
23.Bg3 Bxc3 24.bxc3 Qxe4 25.Qxe4 Nxe4 26.Be5 Rfe8 27.Rxd8 Rxd8 28.f3 Re8
29.fxe4 Rxe5 30.Rd1 c5 31.Rd7 Bxe4 32.Ra7 h5 33.Bc8 Bd5 34.Bxa6 Re2 35.Bxb5 Rxg2+
36.Kf1 Rxa2 37.Rc7 c4 38.Rc5 Rd2 39.h3 Kg7 40.Kg1 Rd3 41.Kh2 g4 42.hxg4 hxg4
43.Bxc4 g3+ 44.Kh3 g2+  0-1

[Event "ch-CZE"]
[Site "Opava CZE"]
[Date "2000.05.23"]
[Round "2"]
[White "Kalod,R"]
[Black "Belunek,V"]
[Result "1-0"]
[WhiteElo "2445"]
[BlackElo "2272"]

1.Nf3 Nf6 2.c4 e6 3.Nc3 d5 4.d4 c6 5.e3 Nbd7 6.Qc2 Bd6 7.Bd3 O-O 8.O-O Qe7
9.e4 dxc4 10.Bxc4 e5 11.Rd1 Bc7 12.h3 h6 13.Be3 Re8 14.Re1 exd4 15.Nxd4 Ne5
16.Bf1 Bb6 17.Rad1 Ng6 18.g3 Ne5 19.Qe2 c5 20.Ndb5 Nc6 21.Nd5 Nxd5 22.exd5 Nd4
23.Bxd4 Qxe2 24.Rxe2 Rxe2 25.Bxe2 cxd4 26.Kg2 Bd7 27.Nxd4 Kf8 28.Bg4 Bxg4
29.hxg4 Bxd4 30.Rxd4 Ke7 31.Rb4 Rb8 32.Ra4 a6 33.Kf3 Kd6 34.Rf4 f6 35.Re4 Rc8
36.Re6+ Kd7 37.Rb6 Kc7 38.Rb3 Rd8 39.Ke4 Rd7 40.Kd4 Kd6 41.Rb6+ Kc7 42.Re6 b6
43.b4 Kb7 44.a4 Kc7 45.f4 Kb7 46.f5 Kc7 47.a5  1-0

[Event "Open"]
[Site "Pula CRO"]
[Date "2000.05.23"]
[Round "8"]
[White "Tratar,M"]
[Black "Filipenko,A"]
[Result "0-1"]
[WhiteElo "2439"]
[BlackElo "2370"]

1.Nf3 d5 2.d4 Nf6 3.c4 c6 4.Nc3 e6 5.e3 Nbd7 6.Qc2 Bd6 7.Bd3 O-O 8.O-O dxc4
9.Bxc4 a6 10.Rd1 b5 11.Be2 Qc7 12.e4 e5 13.Bg5 Re8 14.g3 exd4 15.Nxd4 b4
16.Nf5 Bc5 17.Na4 Bxf2+ 18.Kg2 Ba7 19.Bf4 Ne5 20.Nd6 Re7 21.Rac1 Bd7 22.Qb3 Ng6
23.Bg5 Qa5 24.Bxf6 gxf6 25.Nc5 Bxc5  0-1

[Event "Open"]
[Site "Pula CRO"]
[Date "2000.05.24"]
[Round "9"]
[White "Kovacevic,B"]
[Black "Morovic Fernandez,I"]
[Result "1/2-1/2"]
[WhiteElo "2438"]
[BlackElo "2611"]

1.c4 c6 2.Nc3 d5 3.e3 Nf6 4.Nf3 e6 5.d4 Nbd7 6.Bd3 dxc4 7.Bxc4 b5 8.Be2 Bb7
9.O-O Be7 10.e4 b4 11.e5 bxc3 12.exf6 Bxf6 13.bxc3 O-O 14.Rb1 Qc8 15.Ng5 c5
16.Qd3 Bxg5 17.Bxg5 Re8 18.Rfd1 cxd4 19.Qxd4 Nf8 20.Qb4 Bd5 21.Bb5 Bc6 22.c4 e5
23.Rd6 Bxb5 24.cxb5 Ne6 25.Be3 Nf4 26.g3 Ne2+ 27.Kf1 a5 28.bxa6 Rxa6 29.Rxa6 Qxa6
30.Qb5 Qxb5 31.Rxb5 Nc3 32.Ra5 f6 33.a4 Rd8 34.Ra7 Rd1+ 35.Kg2 Nd5 36.Bc5 Rc1
37.Ra8+ Kf7 38.Ra7+ Ke8 39.Bd6 Rc6 40.Bb8 e4 41.Rxg7 Rc2 42.Kf1 e3 43.fxe3 Nxe3+
44.Kg1 Rg2+ 45.Kh1 Rf2 46.h4 h5 47.Rh7 Rf1+ 48.Kh2 Rf2+ 49.Kh3 Rf1 50.Kh2 Rf2+  1/2-1/2

[Event "ch-IND"]
[Site "Mumbai IND"]
[Date "2000.05.26"]
[Round "10"]
[White "Sareen,V"]
[Black "Prakash,G"]
[Result "1/2-1/2"]
[WhiteElo "2351"]
[BlackElo "2435"]

1.c4 c6 2.d4 d5 3.Nf3 Nf6 4.Nc3 e6 5.e3 Nbd7 6.Bd3 dxc4 7.Bxc4 b5 8.Bd3 b4
9.Ne4 Be7 10.Bd2 O-O 11.Nxf6+ Nxf6 12.Qe2 Bb7 13.Ba6 Qb6 14.Bxb7 Qxb7 15.O-O c5
16.Rfc1 Rfc8 17.dxc5 Bxc5  1/2-1/2

[Event "Guillermo Garcia Premier I"]
[Site "Santa Clara CUB"]
[Date "2000.05.26"]
[Round "3"]
[White "Vera,R"]
[Black "Abreu,A"]
[Result "1-0"]
[WhiteElo "2546"]
[BlackElo "2419"]

1.d4 d5 2.c4 c6 3.Nc3 Nf6 4.e3 e6 5.Nf3 Nbd7 6.Bd3 dxc4 7.Bxc4 b5 8.Bd3 Bb7
9.O-O a6 10.e4 c5 11.d5 Qc7 12.Bg5 Be7 13.Re1 e5 14.b3 h6 15.Bh4 g5 16.Bg3 Bd6
17.Bf1 Ke7 18.a4 b4 19.Nb1 Nh5 20.Nbd2 Nf4 21.Bxf4 gxf4 22.Nh4 Rag8 23.Nc4 Rg5
24.Nf5+ Rxf5 25.exf5 Nb6 26.Ra2 Nxc4 27.Bxc4 h5 28.a5 Qc8 29.Bd3 Kf6 30.Qf3 h4
31.Rc1 Qa8 32.Be4 Qd8 33.Qd3 Rg8 34.Qh3 Rh8 35.Kh1 Qf8 36.Rac2 Qd8 37.Ra1 Qf8
38.Qd3 Qd8 39.Qd1 Qc7 40.Ra4 Qd8 41.Raa2 Qa8 42.Rc4 Qd8 43.Qa1 Qa8 44.h3 Rg8
45.f3 Qf8 46.Rac2 Qe7 47.Qc1 Rc8 48.Rxb4 cxb4 49.Rxc8 Bxc8 50.Qxc8 Kg7 51.Qxa6 Bb8
52.Qb6 Qd6 53.Qxd6 Bxd6 54.Kg1 Kf6 55.Kf1 Ke7 56.Ke2 Bc7 57.a6 Bb6 58.Kd3 f6
59.Kc4 Ba7 60.Kxb4 Kd6 61.Kb5 Kc7 62.b4 Kd6 63.Ka5 Kc7 64.Bd3 Bb6+ 65.Kb5 Ba7
66.Bc2 Kd6 67.Bb3 Kc7 68.Ba4 Kd6 69.Kc4 Kc7 70.Bc6 Kd6 71.Ba4 Kc7 72.Bc2 Kd6
73.Be4 Kc7 74.Kd3 Kd6 75.Ke2 Bb6 76.g3 fxg3 77.f4 exf4 78.Kf3 Ke5 79.d6 Kxd6
80.Kxf4 Bd4 81.Bg2 Bf2 82.Kg4 Ke5 83.b5 Bd4 84.Kxh4 Kf4 85.Kh5 Kxf5 86.h4 Kf4
87.Kg6 Kg4 88.h5 f5 89.b6 Bxb6 90.h6 f4 91.h7 f3 92.h8=Q fxg2 93.Qc8+ Kf3
94.Qb7+ Kf2 95.Qxb6+ Kf1 96.a7 g1=Q 97.Qxg1+ Kxg1 98.a8=Q g2 99.Qf3 Kh2 100.Qf2 Kh1
101.Qh4+ Kg1 102.Kf5  1-0

[Event "ch-Europe Women"]
[Site "Batumi GEO"]
[Date "2000.05.27"]
[Round "1.1"]
[White "Radziewicz,I"]
[Black "Olarasu,G"]
[Result "1-0"]
[WhiteElo "2377"]
[BlackElo "2321"]

1.Nf3 d5 2.c4 c6 3.e3 Nf6 4.Nc3 e6 5.d4 Nbd7 6.Bd3 Bd6 7.O-O O-O 8.e4 dxc4
9.Bxc4 e5 10.Bg5 h6 11.Bh4 Qe7 12.d5 g5 13.Bg3 Nc5 14.dxc6 bxc6 15.Qc2 Bg4
16.Nd2 Nh5 17.Nd1 Ne6 18.Bxe6 Bxe6 19.Ne3 Nxg3 20.hxg3 Rac8 21.Nf5 Bxf5 22.exf5 f6
23.Ne4 Rfd8 24.g4 Kg7 25.Rad1 Qc7 26.Qc4 Be7 27.b4 Qb6 28.a3 Rd4 29.Qe6 Rc7
30.Ng3 c5 31.bxc5 Qxe6 32.fxe6 Rxd1 33.Rxd1 Rc6 34.Nf5+ Kf8 35.Rd7 Rxe6 36.c6 Rxc6
37.Rxe7 Ra6 38.Rc7 Rxa3 39.Rc6 Kf7 40.Nxh6+ Kg7 41.Nf5+ Kf7 42.Nd6+ Ke7 43.Ne4 Ra1+
44.Kh2 Ra4 45.f3 a5 46.Nxf6 Ra1 47.Ne4 a4 48.Rc5 Kd7 49.Rxe5 Kc6 50.Rxg5 a3
51.Ra5 Kb6 52.Ra4  1-0

[Event "ch-IND"]
[Site "Mumbai IND"]
[Date "2000.05.27"]
[Round "11"]
[White "Sundararajan,K"]
[Black "Sriram,J"]
[Result "1-0"]
[WhiteElo "2433"]
[BlackElo "2356"]

1.d4 d5 2.c4 c6 3.Nc3 Nf6 4.e3 e6 5.Nf3 Nbd7 6.Bd3 dxc4 7.Bxc4 b5 8.Bd3 a6
9.e4 c5 10.e5 cxd4 11.Nxb5 axb5 12.exf6 gxf6 13.O-O Qb6 14.Qe2 Ba6 15.Rd1 Rd8
16.b4 Bxb4 17.Rb1 Bc5 18.Bxb5 Bxb5 19.Rxb5 Qa7 20.Bb2 Qxa2 21.Nxd4 Bxd4 22.Rxd4 O-O
23.h4 Ne5 24.Rg4+ Ng6 25.h5 e5 26.hxg6 hxg6 27.Rxe5 fxe5 28.Qxe5 Qb1+ 29.Kh2 f6
30.Qe6+ Rf7 31.Bxf6 Kf8 32.Rh4  1-0

[Event "zt3.2a"]
[Site "Vung Tau VIE"]
[Date "2000.05.27"]
[Round "7"]
[White "Barus,C"]
[Black "Wo Dai,D"]
[Result "1-0"]
[WhiteElo "2445"]
[BlackElo "2110"]

1.d4 d5 2.c4 e6 3.Nc3 c6 4.e3 Nf6 5.Nf3 Nbd7 6.Bd3 dxc4 7.Bxc4 b5 8.Bd3 a6
9.e4 c5 10.d5 e5 11.O-O c4 12.Bc2 Bc5 13.Ne2 O-O 14.b3 cxb3 15.axb3 Qb6 16.Ng3 g6
17.Bb2 Re8 18.Qd2 a5 19.h3 Bb7 20.Qg5 Rac8 21.Rac1 Bd6 22.Bb1 a4 23.Rxc8 Bxc8
24.Nf5 a3 25.Ba1 b4 26.Nxd6 Qxd6 27.Rc1 Bb7 28.Nd2 Nh5 29.Nc4 Qb8 30.g3 f6
31.Qd2 Ba6 32.Ne3 Rc8 33.Rxc8+ Bxc8 34.d6 Kg7 35.Qd5 Nf8 36.Bd3 Be6 37.Qc6 Nd7
38.Bc4 Qe8 39.Nd5 Bxd5 40.Bxd5 Kf8 41.Qc1 g5 42.Qc7 Ng7 43.Qc4 Qb8 44.Bg8 Qe8
45.Bxh7 Qe6 46.Qc8+ Qe8 47.Qb7 Ne6 48.Qxb4 Qa8 49.Qc4  1-0

[Event "Kaissa CC"]
[Site "Kharkov UKR"]
[Date "2000.05.28"]
[Round "1"]
[White "Simantsev,M"]
[Black "Gnidash,A"]
[Result "0-1"]
[WhiteElo "2447"]
[BlackElo "2254"]

1.d4 Nf6 2.c4 e6 3.Nc3 d5 4.Nf3 c6 5.e3 Be7 6.Qc2 Nbd7 7.Bd3 O-O 8.O-O h6
9.b3 b6 10.Bb2 Bb7 11.Rad1 Rc8 12.Rfe1 Qc7 13.e4 dxe4 14.Nxe4 Nxe4 15.Bxe4 Nf6
16.Bd3 Bd6 17.Qe2 Rfe8 18.Bb1 Bb4 19.Rf1 Be7 20.Rfe1 Bb4 21.Rf1 Be7 22.Qc2 Rcd8
23.Rfe1 Bd6 24.Ne5 c5 25.d5 exd5 26.Ng4 Ne4 27.f3 f5 28.fxe4 dxe4 29.Ne3 Bxh2+
30.Kh1 Bg3 31.Rf1 g6 32.Nxf5 gxf5 33.Qe2 Qe7 34.Qh5 Qh4+  0-1

[Event "zt3.2a"]
[Site "Vung Tau VIE"]
[Date "2000.05.28"]
[Round "8"]
[White "Tran Ngoc Thach"]
[Black "Simanjuntak,S"]
[Result "0-1"]
[WhiteElo "2248"]
[BlackElo "2313"]

1.d4 d5 2.c4 c6 3.Nc3 Nf6 4.Nf3 e6 5.e3 Nbd7 6.b3 Bb4 7.Bd2 O-O 8.Be2 Re8
9.O-O Bd6 10.e4 Nxe4 11.Nxe4 dxe4 12.Ng5 Nf6 13.Qc2 e5 14.c5 Bc7 15.Bc4 Rf8
16.dxe5 Bxe5 17.Rae1 Bf5 18.f3 e3 19.Qxf5 exd2 20.Rd1 Qd4+ 21.Kh1 g6 22.Qh3 Bf4
23.Qh4 Qe5 24.Nh3 Be3 25.Nf2 Rad8 26.Ng4 Nxg4 27.fxg4 Rd4 28.Rf3 h5 29.h3 Kg7
30.Qg3 Bf4 31.Qf2 hxg4 32.hxg4 Rh8+ 33.Kg1 f6 34.g3 Bg5 35.Kg2 b5 36.cxb6 axb6
37.a4 b5 38.axb5 cxb5 39.Be2 Rd7 40.Qf1 Kf8 41.Ra1 Kg7 42.Rd1 b4 43.Bc4 Qe4
44.Bb5 Rc7 45.Qd3 Qxg4  0-1